[Event "ZMDI Open 2014"]
[Site "Dresden GER"]
[Date "2014.08.17"]
[Round "3.52"]
[White "Sponheim, Marko"]
[Black "De Andres Gonalons, Fernando"]
[Result "0-1"]
[WhiteElo "2118"]
[BlackElo "2013"]
[WhiteFideId "24676314"]
[BlackFideId "2221896"]
[EventDate "2014.08.15"]

1. e4 e6 2. d4 d5 3. Nd2 dxe4 4. Nxe4 Nd7 5. Nf3 Be7 6. Bd3 Ngf6 7. c3 Nxe4 8.
Bxe4 c5 9. O-O Qc7 10. Re1 Nf6 11. Bc2 O-O 12. Bg5 Rd8 13. Qe2 Bd7 14. Rad1 Be8
15. a3 a6 16. h3 Rac8 17. dxc5 Qxc5 18. Be3 Qc7 19. Nd4 Qc4 20. Bd3 Qd5 21. Nf3
Qh5 22. c4 Ba4 23. Rc1 Bc6 24. Nd4 Qxe2 25. Bxe2 Be4 26. f3 Bg6 27. Red1 e5 28.
Nb3 Rxd1+ 29. Bxd1 Nd7 30. Be2 f6 31. Kf2 Bf7 32. Nd2 f5 33. f4 exf4 34. Bxf4 a5
35. Nf3 Bf6 36. b4 Bb2 37. Rd1 Nf6 38. Bc1 Ne4+ 39. Ke3 Bf6 40. Rd7 axb4 41.
Rxb7 Re8 0-1

[Event "ZMDI Open 2014"]
[Site "Dresden GER"]
[Date "2014.08.17"]
[Round "3.53"]
[White "Herbrig, Thomas"]
[Black "Mueller, Daniel"]
[Result "1/2-1/2"]
[WhiteElo "1953"]
[BlackElo "2087"]
[WhiteFideId "24668583"]
[BlackFideId "24612960"]
[EventDate "2014.08.15"]

1. d4 Nf6 2. Nf3 g6 3. c3 Bg7 4. Bg5 d5 5. e3 O-O 6. Bd3 Nbd7 7. O-O c5 8. Nbd2
b6 9. Re1 Bb7 10. a4 Ne4 11. Bh4 a6 12. Qc2 Nxd2 13. Nxd2 Re8 14. Nf3 Qc8 15.
Rac1 e5 16. dxe5 Nxe5 17. Nxe5 Rxe5 18. Bg3 Re6 19. Be2 Qe8 20. Bf3 Bc6 21. Red1
Bxa4 22. b3 Bc6 23. Bxd5 Bxd5 24. Rxd5 Rd8 25. Rcd1 Rxd5 26. Rxd5 Be5 27. Qd3
Kg7 28. c4 Bxg3 29. hxg3 Qe7 30. g4 h6 31. Qc3+ 1/2-1/2

[Event "ZMDI Open 2014"]
[Site "Dresden GER"]
[Date "2014.08.17"]
[Round "3.54"]
[White "Nosek, Reinhard"]
[Black "Stock, Andreas"]
[Result "0-1"]
[WhiteElo "1899"]
[BlackElo "2085"]
[WhiteFideId "4695739"]
[BlackFideId "4616430"]
[EventDate "2014.08.15"]

1. Nf3 c5 2. e4 Nc6 3. Nc3 g6 4. h4 h5 5. Bc4 Bg7 6. Nd5 e6 7. Nf4 Nf6 8. Ng5
O-O 9. c3 d5 10. Bd3 dxe4 11. Bc2 e5 12. Nfh3 Bf5 13. Qe2 Qd5 14. Bb3 Qd3 15.
Qd1 Nd8 16. Bc2 Qa6 17. a4 Ne6 18. Nxe6 Qxe6 19. Ng5 Qc6 20. Qe2 Rad8 21. O-O
Rd7 22. a5 Rd6 23. Re1 Qc7 24. Qc4 e3 25. Bxf5 exf2+ 26. Kxf2 gxf5 27. Re2 Ng4+
28. Ke1 e4 29. Kd1 Ne5 30. Qa4 Nd3 31. Kc2 Bh6 32. b3 Bxg5 33. hxg5 Qe7 34. Ba3
Qxg5 35. Qc4 Rfd8 36. Rd1 b6 37. b4 Qg4 38. bxc5 bxc5 39. Re3 Nf2 40. Rf1 Rxd2+
41. Kb3 Nd3 42. Qa6 Rd1 43. Qf6 Rb8+ 44. Kc4 Rxf1 45. Qd6 Qf4 46. Rg3+ Kh7 47.
Qxf4 Rxf4 48. Bxc5 Nxc5 49. Kxc5 Rg4 0-1

[Event "ZMDI Open 2014"]
[Site "Dresden GER"]
[Date "2014.08.17"]
[Round "3.55"]
[White "Kleibaumhueter, Klaus"]
[Black "Jacob, Tobias"]
[Result "1-0"]
[WhiteElo "2066"]
[BlackElo "1952"]
[WhiteFideId "4626540"]
[BlackFideId "12903221"]
[EventDate "2014.08.15"]

1. Nf3 Nf6 2. c4 g6 3. Nc3 Bg7 4. g3 O-O 5. Bg2 d6 6. O-O Nc6 7. Rb1 Bf5 8. d3
Qd7 9. Re1 e5 10. b4 Rfb8 11. b5 Nd4 12. Nh4 Bg4 13. f3 Bh3 14. Bh1 h6 15. e3
Ne6 16. Nd5 c6 17. Nxf6+ Bxf6 18. Ng2 cxb5 19. Rxb5 a6 20. Rb1 b5 21. cxb5 Rxb5
22. Rxb5 axb5 23. Re2 Rc8 24. Rc2 d5 25. f4 exf4 26. gxf4 g5 27. Rxc8+ Qxc8 28.
Bd2 gxf4 29. exf4 Qc5+ 30. Be3 Bd4 31. Qd2 Nxf4 32. Qf2 Bxe3 33. Qxe3 Qxe3+ 34.
Nxe3 Be6 35. a3 Kg7 36. Kf1 Kf6 37. d4 Ke7 38. Ke1 Kd8 39. Kd2 Nh3 1-0

[Event "ZMDI Open 2014"]
[Site "Dresden GER"]
[Date "2014.08.17"]
[Round "3.56"]
[White "Gaitzsch, Martin"]
[Black "Otikova, Elina"]
[Result "0-1"]
[WhiteElo "2058"]
[BlackElo "1928"]
[WhiteFideId "24623202"]
[BlackFideId "11603550"]
[EventDate "2014.08.15"]

1. c4 e5 2. g3 Nf6 3. Bg2 d5 4. cxd5 Nxd5 5. Nc3 Nb6 6. Nf3 Nc6 7. O-O Be7 8. a3
O-O 9. b4 Re8 10. d3 Bf8 11. Be3 a5 12. b5 Nd4 13. Nd2 a4 14. Nc4 Be6 15. Nxb6
cxb6 16. Bxb7 Bb3 17. Qd2 Rb8 18. Bg2 Nc2 19. Bc6 Re6 20. Ne4 h6 21. Qc3 Nxa1
22. Rxa1 f5 23. Nd2 Bd5 24. Bxd5 Qxd5 25. Qc4 Rd6 26. Qxa4 f4 27. Nc4 fxe3 28.
Nxe3 Qd4 29. Qb3+ Kh7 30. Rc1 Rf6 31. Rc7 Bc5 0-1

[Event "ZMDI Open 2014"]
[Site "Dresden GER"]
[Date "2014.08.18"]
[Round "4.1"]
[White "Belezky, Alexander"]
[Black "Klenburg, Mikhail"]
[Result "1-0"]
[WhiteTitle "IM"]
[BlackTitle "IM"]
[WhiteElo "2454"]
[BlackElo "2368"]
[WhiteFideId "14105411"]
[BlackFideId "14102072"]
[EventDate "2014.08.15"]

1. Nf3 c5 2. e4 g6 3. d4 cxd4 4. Qxd4 Nf6 5. e5 Nc6 6. Qa4 Nd5 7. Qe4 Nc7 8. Nc3
Bg7 9. Bf4 Ne6 10. Bg3 a6 11. O-O-O b5 12. Nd5 Rb8 13. h4 Bb7 14. h5 Rg8 15.
hxg6 hxg6 16. Qe3 Qa5 17. Kb1 Rd8 18. Rh4 b4 19. Bc4 Rc8 20. Nb6 Ncd8 21. Nxc8
Bxc8 22. Bxe6 Nxe6 23. Rc4 Kd8 24. Nd4 Nxd4 25. Qxd4 1-0

[Event "ZMDI Open 2014"]
[Site "Dresden GER"]
[Date "2014.08.18"]
[Round "4.2"]
[White "Sagar, Shah"]
[Black "Arnaudov, G. Petar"]
[Result "1-0"]
[BlackTitle "GM"]
[WhiteElo "2339"]
[BlackElo "2429"]
[WhiteFideId "5022509"]
[BlackFideId "2907127"]
[EventDate "2014.08.15"]

1. c4 e5 2. g3 Nf6 3. Bg2 c6 4. d4 Bb4+ 5. Bd2 Bxd2+ 6. Qxd2 d6 7. Nc3 O-O 8. e3
Qe7 9. Nge2 Nbd7 10. O-O a6 11. h3 exd4 12. exd4 Nb6 13. b3 d5 14. c5 Nbd7 15.
Rae1 Qd8 16. g4 a5 17. Ng3 b6 18. g5 Ne8 19. Nf5 Nb8 20. Ne7+ Kh8 21. Nxc8 Qxc8
22. Na4 Nd7 23. cxb6 Qd8 24. Qc1 Rc8 25. b7 Rc7 26. Nc5 Nd6 27. f4 Nxc5 28. Qxc5
Nxb7 29. Qb6 f6 30. Re6 Nd6 31. Qc5 Nf5 32. Rfe1 fxg5 33. fxg5 Rcf7 34. Rxc6
Qxg5 35. Rc8 Qf6 36. Ree8 Ne7 37. Qxe7 Qf1+ 38. Bxf1 Rxf1+ 39. Kg2 Rf2+ 40. Kg3 1-0

[Event "ZMDI Open 2014"]
[Site "Dresden GER"]
[Date "2014.08.18"]
[Round "4.3"]
[White "Bindrich, Falko"]
[Black "Gajek, Radoslaw"]
[Result "1-0"]
[WhiteTitle "GM"]
[BlackTitle "FM"]
[WhiteElo "2598"]
[BlackElo "2355"]
[WhiteFideId "4676670"]
[BlackFideId "1125893"]
[EventDate "2014.08.15"]

1. Nf3 e6 2. d4 Nf6 3. Bg5 Be7 4. Nbd2 d5 5. e3 Nbd7 6. Bd3 c5 7. c3 b6 8. O-O
Bb7 9. Ne5 Nxe5 10. dxe5 Nd7 11. Bf4 Qc7 12. Bg3 Nxe5 13. Bb5+ Kf8 14. f4 Bc6
15. fxe5 Bxb5 16. c4 Bc6 17. Qf3 Bg5 18. cxd5 Bxd5 19. e4 Bc6 20. Nc4 Kg8 21.
Nd6 Rf8 22. Kh1 h5 23. h4 Be7 24. b4 f5 25. Qb3 Bxd6 26. exd6 Qf7 27. exf5 Bd5
28. Qc3 cxb4 29. Qd4 exf5 30. Rac1 Be4 31. Be5 Qxa2 32. Rf2 Qd5 33. Rc7 Rf7 34.
Qxd5 Bxd5 35. d7 Kh7 36. Rd2 Rd8 37. Rxd5 a5 38. Rb7 b3 39. Rxb6 Rdxd7 40. Rxa5
Rd3 41. Rab5 Re7 42. Kh2 Kg8 43. Rb7 1-0

[Event "ZMDI Open 2014"]
[Site "Dresden GER"]
[Date "2014.08.18"]
[Round "4.4"]
[White "Kravtsiv, Martyn"]
[Black "Mueller, Fabian"]
[Result "0-1"]
[WhiteTitle "GM"]
[BlackTitle "FM"]
[WhiteElo "2572"]
[BlackElo "2324"]
[WhiteFideId "14113147"]
[BlackFideId "4664060"]
[EventDate "2014.08.15"]

1. e4 c5 2. Nf3 e6 3. d4 cxd4 4. Nxd4 Nc6 5. Nc3 Qc7 6. Be2 a6 7. O-O Nf6 8. Be3
Bb4 9. Na4 O-O 10. c4 Be7 11. Nc3 Bb4 12. f3 Bxc3 13. bxc3 d5 14. cxd5 exd5 15.
Nxc6 bxc6 16. Bd4 dxe4 17. Bxf6 gxf6 18. fxe4 Qe5 19. Qe1 Rb8 20. Rf3 Rb2 21.
Bf1 Kh8 22. Kh1 c5 23. Rg3 Rg8 24. Rxg8+ Kxg8 25. Rd1 Bb7 26. Qh4 Kg7 27. Re1
Qg5 28. Qh3 Rxa2 29. Kg1 a5 30. Qf3 a4 31. Bc4 Rc2 32. Ra1 a3 33. Rxa3 f5 34. h4
Qxh4 35. Qxf5 Rxg2+ 0-1

[Event "ZMDI Open 2014"]
[Site "Dresden GER"]
[Date "2014.08.18"]
[Round "4.5"]
[White "Satyapragyan, Swayangsu"]
[Black "Maksimenko, Andrei"]
[Result "1/2-1/2"]
[WhiteTitle "IM"]
[BlackTitle "GM"]
[WhiteElo "2401"]
[BlackElo "2506"]
[WhiteFideId "5004306"]
[BlackFideId "14100584"]
[EventDate "2014.08.15"]

1. e4 c5 2. Nf3 d6 3. d4 cxd4 4. Nxd4 Nf6 5. Nc3 a6 6. Be3 e6 7. f3 b5 8. g4 Bb7
9. Qd2 Nfd7 10. Qf2 Nc6 11. Nxc6 Bxc6 12. O-O-O Be7 13. Kb1 O-O 14. Ne2 d5 15.
Nd4 Bb7 16. exd5 Bxd5 17. Rg1 Qa5 18. Nb3 Qc7 19. f4 b4 1/2-1/2

[Event "ZMDI Open 2014"]
[Site "Dresden GER"]
[Date "2014.08.18"]
[Round "4.6"]
[White "Fodor, Tamas Jr."]
[Black "Viebahn, Dirk"]
[Result "1-0"]
[WhiteTitle "GM"]
[WhiteElo "2481"]
[BlackElo "2163"]
[WhiteFideId "723762"]
[BlackFideId "4660790"]
[EventDate "2014.08.15"]

1. c4 Nf6 2. Nf3 d5 3. cxd5 Nxd5 4. Nc3 Nxc3 5. bxc3 g6 6. g3 Bg7 7. Bg2 O-O 8.
O-O e5 9. d4 exd4 10. cxd4 Nc6 11. Bg5 Qd7 12. d5 Nb4 13. e4 Re8 14. a3 h6 15.
Bf4 Rxe4 16. axb4 Rxf4 17. gxf4 Bxa1 18. Qxa1 Qxd5 19. Rd1 1-0

[Event "ZMDI Open 2014"]
[Site "Dresden GER"]
[Date "2014.08.18"]
[Round "4.7"]
[White "Neef, Maximilian"]
[Black "Maiwald, Jens-Uwe"]
[Result "1/2-1/2"]
[WhiteTitle "FM"]
[BlackTitle "GM"]
[WhiteElo "2331"]
[BlackElo "2475"]
[WhiteFideId "24692085"]
[BlackFideId "4612396"]
[EventDate "2014.08.15"]

1. Nc3 d6 2. d4 g6 3. e4 Bg7 4. Be3 a6 5. f4 b5 6. Bd3 Nd7 7. Nf3 Bb7 8. e5 e6
9. O-O Ne7 10. a4 b4 11. Ne4 Bxe4 12. Bxe4 d5 13. Bd3 c5 14. dxc5 Qa5 15. Qd2
O-O 16. Qf2 Rfc8 17. Nd4 Nxc5 18. Nb3 Nxd3 19. cxd3 Qd8 20. Bc5 Nc6 21. Rfc1 f6
22. d4 g5 23. Rf1 gxf4 24. Qxf4 fxe5 25. Qf7+ Kh8 26. Qxe6 Nxd4 27. Nxd4 Rxc5
28. Nf5 Qf6 29. Nxg7 Qxg7 30. Rf7 Qg5 31. Raf1 Rg8 32. Qh3 Qg6 33. Rf8 Rxf8 34.
Rxf8+ Kg7 35. Rf1 Rc7 36. Qe3 Re7 37. Qc5 1/2-1/2

[Event "ZMDI Open 2014"]
[Site "Dresden GER"]
[Date "2014.08.18"]
[Round "4.8"]
[White "Syperek, Sebastian"]
[Black "Izsak, Gyula"]
[Result "0-1"]
[BlackTitle "IM"]
[WhiteElo "2198"]
[BlackElo "2444"]
[WhiteFideId "4645758"]
[BlackFideId "702234"]
[EventDate "2014.08.15"]

1. Nf3 Nf6 2. g3 b6 3. Bg2 Bb7 4. O-O c5 5. d3 e6 6. Nbd2 d6 7. e4 Qc7 8. b3 Be7
9. Bb2 O-O 10. Nh4 d5 11. f4 dxe4 12. dxe4 Nc6 13. e5 Nd5 14. Nf5 Rad8 15. Nxe7+
Ncxe7 16. Qe2 Nf5 17. Be4 Nde3 18. Rfe1 Rxd2 19. Qxd2 Bxe4 20. g4 Rd8 21. Qe2
Bb7 22. gxf5 Qc6 23. Kf2 Qg2+ 24. Kxe3 Qh3+ 25. Kf2 Qxh2+ 26. Kf1 Qh1+ 27. Kf2
Qg2+ 0-1

[Event "ZMDI Open 2014"]
[Site "Dresden GER"]
[Date "2014.08.18"]
[Round "4.54"]
[White "Naegele, Hans-Juergen"]
[Black "Friedel, Marcus"]
[Result "0-1"]
[WhiteElo "1901"]
[BlackElo "2148"]
[WhiteFideId "24655457"]
[BlackFideId "4688708"]
[EventDate "2014.08.15"]

1. g3 d5 2. Bg2 Nf6 3. d3 c6 4. f4 g6 5. h3 Bg7 6. e3 e5 7. Ne2 Nbd7 8. Nd2 Qb6
9. e4 exf4 10. gxf4 dxe4 11. Nc4 Qb4+ 12. c3 Qc5 13. Be3 Qd5 14. Qb3 Nc5 15.
Bxc5 Qxc5 16. dxe4 O-O 17. e5 Be6 18. exf6 Bxf6 19. O-O-O Bxc4 20. Qc2 Qe3+ 21.
Rd2 Rad8 22. Nd4 Bxd4 23. cxd4 Rxd4 24. Qc3 Rd3 25. Qc2 Rfd8 26. Rd1 Qxf4 27. b3
Rxd2 28. Rxd2 Rxd2 29. Qxd2 Qxd2+ 30. Kxd2 Bd5 0-1

[Event "ZMDI Open 2014"]
[Site "Dresden GER"]
[Date "2014.08.19"]
[Round "5.1"]
[White "Sagar, Shah"]
[Black "Belezky, Alexander"]
[Result "1-0"]
[BlackTitle "IM"]
[WhiteElo "2339"]
[BlackElo "2454"]
[WhiteFideId "5022509"]
[BlackFideId "14105411"]
[EventDate "2014.08.15"]

1. d4 Nf6 2. c4 e6 3. g3 Bb4+ 4. Bd2 Qe7 5. Nf3 Nc6 6. Nc3 Bxc3 7. Bxc3 Ne4 8.
Rc1 d6 9. d5 Nxc3 10. Rxc3 Nb8 11. dxe6 fxe6 12. Nd4 O-O 13. Bg2 c6 14. O-O e5
15. Nc2 Be6 16. Ne3 Na6 17. Qd2 Nc7 18. Rd3 Ne8 19. b4 a6 20. a4 Qc7 21. Qc3 a5
22. b5 Nf6 23. Rfd1 Rfd8 24. Qd2 Ne8 25. Rb1 Qb6 26. Qb2 Qc5 27. bxc6 bxc6 28.
Qb6 Rdb8 29. Qxb8 Rxb8 30. Rxb8 Kf8 31. h3 Ke7 32. Rdb3 Nf6 33. R3b7+ Bd7 34.
Rc7 e4 35. Nd5+ cxd5 36. Rxc5 dxc5 37. cxd5 c4 38. Kf1 Bxa4 39. Ra8 c3 40. Ke1
c2 41. Kd2 Nxd5 42. Bxe4 Nb6 43. Ra7+ Kd6 44. Bxc2 1-0

[Event "ZMDI Open 2014"]
[Site "Dresden GER"]
[Date "2014.08.19"]
[Round "5.2"]
[White "Izsak, Gyula"]
[Black "Bindrich, Falko"]
[Result "1/2-1/2"]
[WhiteTitle "IM"]
[BlackTitle "GM"]
[WhiteElo "2444"]
[BlackElo "2598"]
[WhiteFideId "702234"]
[BlackFideId "4676670"]
[EventDate "2014.08.15"]

1. d4 Nf6 2. c4 e6 3. Nf3 d5 4. e3 Be7 5. Bd3 O-O 6. O-O Nbd7 7. Nbd2 c5 8. b3
cxd4 9. exd4 b6 10. Bb2 Bb7 11. Rc1 Rc8 12. Qe2 Nh5 13. g3 Nhf6 14. Ne5 dxc4 15.
Bxc4 Nd5 16. Ndf3 Rc7 17. Bb5 Nxe5 18. Nxe5 Bg5 19. Rxc7 Nxc7 20. Bd3 Qd5 21. f3
Qd6 22. Be4 Ba6 23. Bd3 Bxd3 24. Qxd3 Nd5 25. f4 Bf6 26. Rc1 Nb4 27. Qc4 Nd5 28.
Qd3 h6 29. a3 Rd8 30. b4 Ne7 31. Ng4 Nd5 32. Ne5 Bxe5 33. dxe5 Qd7 34. Qe2 Qa4
35. Qd1 Qa6 36. Qf1 Qb7 37. Qe1 h5 38. Qf2 Ne7 39. Qe2 h4 40. Rd1 Rc8 41. Rd2
hxg3 42. hxg3 Nf5 43. Qg2 Qa6 44. g4 Ne7 45. f5 Qc4 46. Qf3 Nd5 47. Rf2 Ne7 48.
Rd2 Qa2 49. Qd3 Nd5 50. fxe6 fxe6 51. Rh2 Rc4 52. Qh7+ Kf8 53. Rf2+ Rf4 54. Qh8+
Kf7 55. Qh5+ Kf8 1/2-1/2

[Event "ZMDI Open 2014"]
[Site "Dresden GER"]
[Date "2014.08.19"]
[Round "5.3"]
[White "Mueller, Fabian"]
[Black "Fodor, Tamas Jr."]
[Result "0-1"]
[WhiteTitle "FM"]
[BlackTitle "GM"]
[WhiteElo "2324"]
[BlackElo "2481"]
[WhiteFideId "4664060"]
[BlackFideId "723762"]
[EventDate "2014.08.15"]

1. d4 Nf6 2. c4 e6 3. Nf3 Bb4+ 4. Bd2 Qe7 5. g3 Nc6 6. Bg2 Bxd2+ 7. Nbxd2 d6 8.
O-O a5 9. e4 e5 10. d5 Nb8 11. c5 dxc5 12. Nc4 Nbd7 13. Bh3 O-O 14. d6 cxd6 15.
Qxd6 Qxd6 16. Nxd6 b6 17. Rfd1 Ba6 18. Ng5 Be2 19. Rd2 Bh5 20. Nf5 Ra7 21. g4
Bxg4 22. Bxg4 Nxg4 23. Ne7+ Kh8 24. Rad1 Ngf6 25. f4 h6 26. fxe5 hxg5 27. exf6
Nxf6 28. e5 Rxe7 29. exf6 Re6 0-1

[Event "ZMDI Open 2014"]
[Site "Dresden GER"]
[Date "2014.08.19"]
[Round "5.4"]
[White "Wichmann, Cliff"]
[Black "Berkes, Ferenc"]
[Result "0-1"]
[WhiteTitle "IM"]
[BlackTitle "GM"]
[WhiteElo "2361"]
[BlackElo "2658"]
[WhiteFideId "4616090"]
[BlackFideId "718572"]
[EventDate "2014.08.15"]

1. d4 Nf6 2. Nf3 e6 3. g3 c5 4. Bg2 cxd4 5. O-O d5 6. Nxd4 e5 7. Nb3 Be6 8. Bg5
Nbd7 9. e4 dxe4 10. Nc3 Be7 11. Nxe4 Nxe4 12. Bxe7 Qxe7 13. Bxe4 Rb8 14. Qd3 h5
15. Rae1 h4 16. Re3 Rh6 17. Rd1 hxg3 18. fxg3 Qb4 19. Bf5 Rd8 20. Bxe6 Rxe6 21.
c4 Qe7 22. c5 Nb8 23. Qxd8+ Qxd8 24. Rxd8+ Kxd8 25. Na5 b6 26. cxb6 axb6 27. Nc4
Nd7 28. a4 f6 29. b4 Rc6 30. Na3 Ke7 31. Kf2 Ke6 32. Rb3 g5 33. h4 gxh4 34. gxh4
f5 35. a5 bxa5 36. bxa5 f4 37. Rb4 Kf5 38. Nc4 Nc5 39. Ke2 Ne4 40. Kd3 Nc5+ 41.
Kc3 Ne4+ 42. Kd3 Nc5+ 43. Kc3 Rc7 44. Rb5 Ne4+ 45. Kd3 Rxc4 46. Rxe5+ Kxe5 47.
Kxc4 f3 48. Kd3 Kf4 0-1

[Event "ZMDI Open 2014"]
[Site "Dresden GER"]
[Date "2014.08.19"]
[Round "5.5"]
[White "Zakhartsov, Viacheslav V."]
[Black "Satyapragyan, Swayangsu"]
[Result "1/2-1/2"]
[WhiteTitle "GM"]
[BlackTitle "IM"]
[WhiteElo "2548"]
[BlackElo "2401"]
[WhiteFideId "4115333"]
[BlackFideId "5004306"]
[EventDate "2014.08.15"]

1. Nf3 Nf6 2. g3 b6 3. Bg2 Bb7 4. O-O g6 5. c4 Bg7 6. d4 e6 7. Bg5 h6 8. Bxf6
Qxf6 9. Nc3 Qe7 10. Qc2 O-O 11. e4 d6 12. Rad1 Nd7 13. h4 c5 14. d5 Ne5 15. Nxe5
Bxe5 16. Qd2 Kh7 17. dxe6 fxe6 18. Ne2 Rad8 19. f4 Bg7 20. Qc2 Qf7 21. Rd2 Kg8
22. Kh2 Qe7 23. b3 g5 24. hxg5 hxg5 25. Rd3 Rf6 26. Qd2 Rh6+ 27. Kg1 gxf4 28.
gxf4 Rf8 29. Rg3 Kh8 30. Qe3 Rff6 31. Rff3 Rfg6 32. Rxg6 Rxg6 33. Rg3 Qf7 34.
Rxg6 1/2-1/2

[Event "ZMDI Open 2014"]
[Site "Dresden GER"]
[Date "2014.08.19"]
[Round "5.6"]
[White "Klenburg, Mikhail"]
[Black "Maksimenko, Andrei"]
[Result "1-0"]
[WhiteTitle "IM"]
[BlackTitle "GM"]
[WhiteElo "2368"]
[BlackElo "2506"]
[WhiteFideId "14102072"]
[BlackFideId "14100584"]
[EventDate "2014.08.15"]

1. e4 c5 2. d3 Nc6 3. g3 g6 4. Bg2 Bg7 5. f4 d6 6. Nf3 Nf6 7. O-O O-O 8. h3 b5
9. Nc3 b4 10. Ne2 Rb8 11. g4 Nd7 12. f5 Nde5 13. Nxe5 Bxe5 14. Kh1 Bg7 15. g5
Ne5 16. Be3 Re8 17. b3 Nc6 18. Rb1 Rb5 19. Nf4 Ra5 20. h4 Rxa2 21. h5 Ne5 22.
Bh3 e6 23. hxg6 exf5 24. gxf7+ Nxf7 25. Nh5 f4 26. Nxg7 Kxg7 27. Bxc8 Qxc8 28.
Qh5 Rxc2 29. Rxf4 Ne5 30. Rbf1 Qe6 31. Rf6 Qe7 32. Bf4 Kg8 33. Bxe5 Qxe5 34. Rf7 1-0

[Event "ZMDI Open 2014"]
[Site "Dresden GER"]
[Date "2014.08.19"]
[Round "5.7"]
[White "Teske, Henrik"]
[Black "Zwahr, Paul"]
[Result "0-1"]
[WhiteTitle "GM"]
[BlackTitle "FM"]
[WhiteElo "2505"]
[BlackElo "2362"]
[WhiteFideId "4611500"]
[BlackFideId "24609749"]
[EventDate "2014.08.15"]

1. Nf3 Nf6 2. c4 g6 3. Nc3 Bg7 4. d4 O-O 5. e4 d6 6. Be2 e5 7. O-O Nc6 8. d5 Ne7
9. b4 Nh5 10. c5 f5 11. Qb3 fxe4 12. Nxe4 Nf4 13. Bxf4 Rxf4 14. Nfd2 Nf5 15. Bc4
Bh6 16. Qd3 Nd4 17. Rae1 Bf5 18. g3 Rg4 19. f3 Bxd2 20. fxg4 Bxe1 21. gxf5 gxf5
22. Nxd6 cxd6 23. Rxe1 a5 24. bxa5 Qxa5 25. Rb1 Qxc5 26. Qe3 Nf3+ 27. Kf2 Qxc4
28. Kxf3 Qd4 0-1

[Event "ZMDI Open 2014"]
[Site "Dresden GER"]
[Date "2014.08.19"]
[Round "5.8"]
[White "Maiwald, Jens-Uwe"]
[Black "Braeuer, Franz"]
[Result "1-0"]
[WhiteTitle "GM"]
[WhiteElo "2475"]
[BlackElo "2317"]
[WhiteFideId "4612396"]
[BlackFideId "24634468"]
[EventDate "2014.08.15"]

1. g3 Nf6 2. Bg2 e5 3. d3 d5 4. Nf3 Nc6 5. O-O Be7 6. Bg5 Be6 7. Nc3 O-O 8. Re1
Qd6 9. a3 h6 10. Bxf6 Bxf6 11. e4 d4 12. Ne2 Rfd8 13. Rf1 Kh8 14. Nd2 g5 15. Kh1
Rg8 16. Ng1 Ne7 17. Qh5 Rg6 18. Nc4 Qd7 19. f4 Bg4 20. Bh3 Bxh5 21. Bxd7 gxf4
22. gxf4 Rag8 23. h3 exf4 24. Rxf4 Rd8 25. Bg4 Bxg4 26. hxg4 b5 27. Na5 Be5 28.
Rxf7 Rxg4 29. Nf3 Ng6 30. Rg1 Rxg1+ 31. Kxg1 Rg8 32. Kf1 Bd6 33. Nc6 Re8 34.
Nxa7 Kg8 35. Rf5 b4 36. Nb5 bxa3 37. bxa3 Ra8 38. Nfxd4 Bxa3 39. Nxc7 Rc8 40.
Ndb5 Be7 41. c4 1-0

[Event "ZMDI Open 2014"]
[Site "Dresden GER"]
[Date "2014.08.20"]
[Round "6.1"]
[White "Fodor, Tamas Jr."]
[Black "Sagar, Shah"]
[Result "1/2-1/2"]
[WhiteTitle "GM"]
[WhiteElo "2481"]
[BlackElo "2339"]
[WhiteFideId "723762"]
[BlackFideId "5022509"]
[EventDate "2014.08.15"]

1. d4 Nf6 2. c4 e6 3. Nc3 Bb4 4. e3 c5 5. Ne2 b6 6. a3 Ba5 7. Rb1 Na6 8. Bd2 Bb7
9. Ng3 O-O 10. f3 d5 11. cxd5 cxd4 12. exd4 Bxc3 13. bxc3 Qxd5 14. Qa4 Nb8 15.
Bd3 Nc6 16. O-O Qa5 17. Qc2 Ba6 18. Ne4 Nxe4 19. fxe4 e5 20. Rf5 Rac8 21. d5
Qc5+ 22. Rf2 Nd4 23. Qb2 Nf3+ 24. gxf3 Bxd3 25. Re1 f5 26. Qb4 fxe4 27. Qxc5
Rxc5 28. fxe4 Rc4 29. Bg5 Rxe4 30. Rxe4 Bxe4 31. d6 Rxf2 32. Kxf2 Bc6 33. Bd8
Kf7 34. Bc7 Ke6 35. c4 g5 36. Bb8 a6 37. Bc7 b5 38. cxb5 axb5 39. Bd8 Kf5 40.
Ke3 h5 41. Be7 h4 42. h3 Bd7 43. Bd8 Be6 44. Kf3 Bd7 45. Ke3 Kg6 46. Ke4 Bxh3
47. Kxe5 Bd7 48. Ke4 Bc6+ 49. Ke3 Kh5 50. Bf6 g4 51. Kf4 g3 52. Bd8 Bd7 53. Kf3
Bc6+ 54. Kf4 g2 55. Bb6 h3 56. Kg3 Bd7 57. Kh2 Kg4 58. Bc5 1/2-1/2

[Event "ZMDI Open 2014"]
[Site "Dresden GER"]
[Date "2014.08.20"]
[Round "6.2"]
[White "Berkes, Ferenc"]
[Black "Izsak, Gyula"]
[Result "1-0"]
[WhiteTitle "GM"]
[BlackTitle "IM"]
[WhiteElo "2658"]
[BlackElo "2444"]
[WhiteFideId "718572"]
[BlackFideId "702234"]
[EventDate "2014.08.15"]

1. d4 d5 2. c4 e6 3. Nc3 Nf6 4. cxd5 exd5 5. Bg5 Be7 6. e3 c6 7. Bd3 Nbd7 8.
Nge2 Nf8 9. O-O Ne6 10. Bh4 O-O 11. b4 g6 12. Rb1 a6 13. f3 Nh5 14. Bf2 f5 15.
a4 Bd6 16. Qb3 Kg7 17. b5 axb5 18. axb5 Bd7 19. Ra1 Qc7 20. Kh1 Nf6 21. Bh4 g5
22. Rxa8 Rxa8 23. Bf2 f4 24. e4 dxe4 25. fxe4 Ng4 26. Bg1 Ne3 27. Bxe3 fxe3 28.
b6 Qd8 29. e5 Be7 30. Nd1 Ra3 31. Qc4 Qxb6 32. Nxe3 Qb3 33. Nf5+ Kh8 34. Qxb3
Rxb3 35. Nc1 Rc3 36. Nxe7 Nxd4 37. h4 gxh4 38. Rf7 Rxc1+ 39. Kh2 Nf5 40. Bxf5
Bxf5 41. Nxf5 1-0

[Event "ZMDI Open 2014"]
[Site "Dresden GER"]
[Date "2014.08.20"]
[Round "6.3"]
[White "Zwahr, Paul"]
[Black "Maiwald, Jens-Uwe"]
[Result "1/2-1/2"]
[WhiteTitle "FM"]
[BlackTitle "GM"]
[WhiteElo "2362"]
[BlackElo "2475"]
[WhiteFideId "24609749"]
[BlackFideId "4612396"]
[EventDate "2014.08.15"]

1. e4 g6 2. d4 Bg7 3. Nc3 c6 4. f4 d5 5. e5 Nh6 6. Nf3 Bg4 7. Be3 Qb6 8. Rb1 f6
9. Be2 Bxf3 10. Bxf3 fxe5 11. fxe5 Nf5 12. Bf2 Bh6 13. Qd3 Qa6 14. Be2 Qxd3 15.
Bxd3 O-O 16. Ke2 Nd7 17. Nd1 c5 18. c3 cxd4 19. cxd4 Rac8 20. Be3 Nxe3 21. Nxe3
e6 22. Rhf1 Nb8 23. Rxf8+ Rxf8 24. Nc2 a6 25. g3 Nc6 26. b4 Ne7 27. Rb3 Rc8 28.
Ra3 Nc6 29. Kd1 Na7 30. b5 Nxb5 31. Bxb5 axb5 32. Rb3 Ra8 33. Rxb5 Rxa2 34. Rxb7
Bf8 35. Kc1 h5 36. Kb1 Ra4 37. Kb2 Ra6 38. Ne1 Ra3 39. Rb3 Rxb3+ 40. Kxb3 Kf7
41. h3 Bh6 42. Nf3 Be3 43. Kb4 g5 44. Kc5 Ke7 45. g4 hxg4 46. hxg4 Kd7 47. Ne1
Bd2 48. Nd3 Bc3 49. Nc1 Bb2 50. Ne2 Ba3+ 51. Kb5 Kc7 52. Ka4 Be7 53. Ka5 Kc6 54.
Ka4 Kb6 55. Ng3 Kc6 56. Ne2 Kb6 57. Nc1 Bf8 58. Nb3 1/2-1/2